<?xml version="1.0" encoding="UTF-8"?><marc:collection xmlns:marc="http://www.loc.gov/MARC21/slim">
  <marc:record>
    <marc:leader>00000nam##2200000za#4500</marc:leader>
    <marc:controlfield tag="001">9.592758</marc:controlfield>
    <marc:controlfield tag="003">CaOODSP</marc:controlfield>
    <marc:controlfield tag="005">20210624201431</marc:controlfield>
    <marc:controlfield tag="007">cr |||||||||||</marc:controlfield>
    <marc:controlfield tag="008">150406|2006||||xxc|||||o    f|0| 0 fre|d</marc:controlfield>
    <marc:datafield tag="020" ind1=" " ind2=" ">
      <marc:subfield code="z">0-660-97123-2</marc:subfield>
    </marc:datafield>
    <marc:datafield tag="040" ind1=" " ind2=" ">
      <marc:subfield code="a">CaOODSP</marc:subfield>
      <marc:subfield code="b">fre</marc:subfield>
    </marc:datafield>
    <marc:datafield tag="043" ind1=" " ind2=" ">
      <marc:subfield code="a">n-cn---</marc:subfield>
    </marc:datafield>
    <marc:datafield tag="086" ind1="1" ind2=" ">
      <marc:subfield code="a">SC102-2/47-1-2006F-PDF</marc:subfield>
    </marc:datafield>
    <marc:datafield tag="110" ind1="2" ind2=" ">
      <marc:subfield code="a">École de la fonction publique du Canada.</marc:subfield>
    </marc:datafield>
    <marc:datafield tag="245" ind1="1" ind2="0">
      <marc:subfield code="a">Consolidation 1 </marc:subfield>
      <marc:subfield code="h">[ressource électronique]</marc:subfield>
    </marc:datafield>
    <marc:datafield tag="246" ind1="1" ind2=" ">
      <marc:subfield code="i">Titre de renvoi : </marc:subfield>
      <marc:subfield code="a">Étape 1 : Consolidation 1</marc:subfield>
    </marc:datafield>
    <marc:datafield tag="260" ind1=" " ind2=" ">
      <marc:subfield code="a">Ottawa - Ontario : </marc:subfield>
      <marc:subfield code="b">École de la fonction publique du Canada </marc:subfield>
      <marc:subfield code="c">2006.</marc:subfield>
    </marc:datafield>
    <marc:datafield tag="300" ind1=" " ind2=" ">
      <marc:subfield code="a">111p.</marc:subfield>
    </marc:datafield>
    <marc:datafield tag="490" ind1="1" ind2=" ">
      <marc:subfield code="a">Programme de français langue seconde - Niveaux A et B </marc:subfield>
      <marc:subfield code="v">Objectifs de formation 1 à 12, 2006</marc:subfield>
    </marc:datafield>
    <marc:datafield tag="500" ind1=" " ind2=" ">
      <marc:subfield code="a">Fichier reproduit à partir de l'original imprimé. Le numéro de catalogue et l'ISBN de l'édition imprimée apparaissent dans la version PDF.</marc:subfield>
    </marc:datafield>
    <marc:datafield tag="520" ind1="3" ind2=" ">
      <marc:subfield code="a">Cet élément fait partie d’un ensemble d’outils d’enseignement destiné à des élèves de niveau débutant (niveau A) et intermédiaire (niveau B) désirant apprendre le français langue seconde. Ce programme de formation multimédia utilise une approche communicative axée sur le français utilisé en milieu de travail. Le matériel porte sur les éléments de base, comme le temps des verbes, les chiffres et la grammaire, et comprend des guides pédagogiques, des guides à l’intention des élèves, des exercices portant sur les tâches en milieu de travail et des activités d’auto-évaluation.</marc:subfield>
    </marc:datafield>
    <marc:datafield tag="590" ind1=" " ind2=" ">
      <marc:subfield code="a">14-15-Supp</marc:subfield>
      <marc:subfield code="b">2014-09-04</marc:subfield>
    </marc:datafield>
    <marc:datafield tag="590" ind1=" " ind2=" ">
      <marc:subfield code="a">14-52-Supp</marc:subfield>
      <marc:subfield code="b">2014-08-22</marc:subfield>
    </marc:datafield>
    <marc:datafield tag="691" ind1="0" ind2="7">
      <marc:subfield code="a">Français langue seconde</marc:subfield>
      <marc:subfield code="2">gcpds</marc:subfield>
    </marc:datafield>
    <marc:datafield tag="776" ind1="0" ind2="#">
      <marc:subfield code="t">Consolidation 1 </marc:subfield>
      <marc:subfield code="w">(CaOODSP)9.627101</marc:subfield>
    </marc:datafield>
    <marc:datafield tag="830" ind1="#" ind2="0">
      <marc:subfield code="a">Programme de français langue seconde - Niveaux A et B ;</marc:subfield>
      <marc:subfield code="v">Objectifs de formation 1 à 12, 2006</marc:subfield>
      <marc:subfield code="w">(CaOODSP)9.501411</marc:subfield>
    </marc:datafield>
    <marc:datafield tag="856" ind1="4" ind2="0">
      <marc:subfield code="a">http://publications.gc.ca</marc:subfield>
      <marc:subfield code="q">PDF</marc:subfield>
      <marc:subfield code="s">722 Ko</marc:subfield>
      <marc:subfield code="u">https://publications.gc.ca/collections/collection_2014/efpc-csps/SC102-2-47-1-2006-fra.pdf</marc:subfield>
      <marc:subfield code="y">Objectifs de formation 1 à 12, 2006</marc:subfield>
    </marc:datafield>
  </marc:record>
</marc:collection>
